| 000 | 00808nam a2200217Ia 4500 | ||
|---|---|---|---|
| 999 |
_c39502 _d39502 |
||
| 001 | 6098 | ||
| 003 | GE_BSU | ||
| 005 | 20190920105113.0 | ||
| 008 | 181216s1957||||ge |||||||||||||| ||geo|| | ||
| 040 | _cGE_BSU | ||
| 041 | _ageo | ||
| 080 | _a821.353.1-32 ა-87 | ||
| 100 |
_aასათიანი, მამია _94148 |
||
| 245 |
_aმიაგულის სიყვარული / _cასათიანი, მამია ; რედ. ვ. ბაიაძე. |
||
| 264 |
_aთბილისი : _bსაბლიტგამი ; _c1957. |
||
| 300 |
_a172 გვ. ; _c22 სმ. |
||
| 653 | _aმიაგულის სიყვარული | ||
| 653 | _aმოთხრობები | ||
| 700 |
_aბაიაძე. ვ. _e რედაქტორი _94163 |
||
| 942 |
_cBK _2udc |
||